000 00489nam a2200181Ia 4500
005 20250508152848.0
008 008 250505s9999 xx 000 0 eng d
037 _aTextual
040 _aFEDL
_beng
_cFEDL
041 _aeng
_2eng
084 _a160, PAS
_qFEDL
100 _aPassmore John
245 0 _aPhilosophical reasoning
260 _aLondon, UK
_bGerald Duckworth and Co. Ltd.
_c1961
300 _aix,149p.
942 _cTEXL
_h160, PAS
999 _c1339255
_d1339255